The prevalence and clinicopathological features of the four phenotypes of breast cancer related to the ER and PR receptor in a multi ethnic Malaysian population : a retrospective analysis from a single tertiary centre /
محفوظ في:
| المؤلف الرئيسي: | |
|---|---|
| التنسيق: | أطروحة كتاب |
| اللغة: | English |
| منشور في: |
2012.
|
| الموضوعات: | |
| الوسوم: |
إضافة وسم
لا توجد وسوم, كن أول من يضع وسما على هذه التسجيلة!
|
| LEADER | 01085cam a2200253 a 4500 | ||
|---|---|---|---|
| 001 | u851468 | ||
| 003 | SIRSI | ||
| 005 | 201202161018 | ||
| 008 | 120216s2012 my a t 000 0 eng m | ||
| 040 | |a UMP | ||
| 043 | |a a-my--- | ||
| 096 | |a WO100 |b UM 2012 Sha | ||
| 100 | 0 | |a Sharminithevi Paramalingam. | |
| 245 | 1 | 4 | |a The prevalence and clinicopathological features of the four phenotypes of breast cancer related to the ER and PR receptor in a multi ethnic Malaysian population : |b a retrospective analysis from a single tertiary centre / |c Sharminithevi Paramalingam. |
| 260 | |c 2012. | ||
| 300 | |a 54 leaves : |b ill. ; |c 30 cm. | ||
| 502 | |a Research report (M. Surg.) -- Department of Surgery, Faculty of Medicine, University of Malaya, 2012. | ||
| 504 | |a Bibliography: leaves 49-54. | ||
| 650 | 1 | 2 | |a Breast Neoplasms |x complications |z Malaysia. |
| 650 | 2 | 2 | |a Breast Neoplasms |x treatment |z Malaysia. |
| 710 | 2 | 0 | |a Universiti Malaya. |b Jabatan Surgeri. |
| 900 | |a RAH | ||
| 596 | |a 2 | ||
| 999 | |a WO100 UM 2012 SHA |w NLM |c 1 |i A515511667 |d 5/3/2012 |f 5/3/2012 |g 1 |l TESIS |m P02MEDKL |r Y |s Y |t TESIS |u 5/3/2012 | ||
